Introduction to Pharmacology (Record no. 8721)

MARC details
000 -LEADER
fixed length control field 01444nam a22001697a 4500
003 - CONTROL NUMBER IDENTIFIER
control field OSt
008 - FIXED-LENGTH DATA ELEMENTS--GENERAL INFORMATION
fixed length control field 200707b ||||| |||| 00| 0 eng d
020 ## - INTERNATIONAL STANDARD BOOK NUMBER
International Standard Book Number 9789385915550
100 ## - MAIN ENTRY--PERSONAL NAME
Personal name Sengupta, P.R.
245 ## - TITLE STATEMENT
Title Introduction to Pharmacology
250 ## - EDITION STATEMENT
Edition statement 1st edition (April 30, 2016)
Remainder of edition statement Reprint 2019
260 ## - PUBLICATION, DISTRIBUTION, ETC. (IMPRINT)
Place of publication, distribution, etc New Delhi
Name of publisher, distributor, etc CBS Publishers & Distributors Pvt. Ltd.
300 ## - PHYSICAL DESCRIPTION
Extent Pg. 640, Dimensions: 6 x 9 inches
500 ## - GENERAL NOTE
General note This edition of Introduction to Pharmacology has been thoroughly revised and updated as per MCI curriculum. The practical part of the book has been revised and modified to help the students during their practical examination. The book aims to be useful to the students of health sciences to learn the subject easily, thoroughly and in a short time. Pharmacology is an everchanging subject like medicine. Written in concise form with modern concepts so that the students are able to read and learn this subject, the book discusses all essential drugs, rational basis of therapeutics and recent advances in pharmacology. While writing this book, the author has followed the syllabus of pharmacology of different Indian Universities. It will be helpful to medical students as well as the students of pharmacology dental sciences pharmacy allied health sciences D nursing and Indian system of medicine, to acquire the basic principles necessary for rational use of drugs.
650 ## - SUBJECT ADDED ENTRY--TOPICAL TERM
Topical term or geographic name as entry element Pharmacology
942 ## - ADDED ENTRY ELEMENTS (KOHA)
Source of classification or shelving scheme Dewey Decimal Classification
Koha item type Text Books
942 ## - ADDED ENTRY ELEMENTS (KOHA)
-- 9
Holdings
Withdrawn status Lost status Source of classification or shelving scheme Damaged status Not for loan Collection code Home library Current library Date acquired Source of acquisition Currency Cost, normal purchase price Bill Number Total Checkouts Full call number Acc. no. / Barcode Date last seen Date last borrowed Actual Cost, discounted price Bill Date Koha item type
    Dewey Decimal Classification     B.Pharma PIET C-LIBRARY PIET C-LIBRARY 01/02/2020 Kirti Prakashan IN Rupees 650.00 IN6239 8 615.1 SEI BP756 10/01/2026 22/09/2025 419.25 01/02/2020 Text Books
    Dewey Decimal Classification     B.Pharma PIET C-LIBRARY PIET C-LIBRARY 01/02/2020 Kirti Prakashan IN Rupees 650.00 IN6239 2 615.1 SEI BP757 24/01/2023 15/06/2021 419.25 01/02/2020 Reference Books

Design & Developed by: PIET Central Library
R70 Miles Stone Pattikalyana Samalkha Panipat 132102
mail ID :- [email protected], Phone No:- 0180-2569700 Ex.216